Văn hóa vùng và phân vùng văn hóa Việt Nam
Nội dung trình bày các lý thuyết và khuynh hướng nghiên cứu văn hóa, phác thảo phân vùng và một số vùng văn hóa ở Việt Nam, đặc trưng vùng trong một số hiện tượng văn hóa.
Sparad:
| Huvudupphovsman: | |
|---|---|
| Materialtyp: | Bok |
| Språk: | Vietnamese |
| Publicerad: |
Tp. Hồ Chí Minh
Đại học Quốc gia Tp. Hồ Chí Minh
2019
|
| Ämnen: | |
| Taggar: |
Lägg till en tagg
Inga taggar, Lägg till första taggen!
|
| Thư viện lưu trữ: | Thư viện Trường Đại học Nam Cần Thơ |
|---|
| LEADER | 01119nam a22002057a 4500 | ||
|---|---|---|---|
| 001 | NCT_80725 | ||
| 008 | 200610b xxu||||| |||| 00| 0 vie d | ||
| 999 | |c 3961 |d 3961 | ||
| 020 | |a 9786047365579 |c 305000 | ||
| 082 | 0 | 4 | |2 23rd ed. |a 306.09597 |b Th312 |
| 100 | 1 | |a Ngô Đức Thịnh | |
| 245 | 1 | 0 | |a Văn hóa vùng và phân vùng văn hóa Việt Nam |c Ngô Đức Thịnh |
| 260 | |a Tp. Hồ Chí Minh |b Đại học Quốc gia Tp. Hồ Chí Minh |c 2019 | ||
| 300 | |a 600 tr. |c 24cm | ||
| 504 | |a Thư mục: tr.584-598 | ||
| 520 | 3 | |a Nội dung trình bày các lý thuyết và khuynh hướng nghiên cứu văn hóa, phác thảo phân vùng và một số vùng văn hóa ở Việt Nam, đặc trưng vùng trong một số hiện tượng văn hóa. | |
| 653 | |a Quản trị DV Du lịch và Lữ hành | ||
| 942 | |2 ddc |c BK | ||
| 952 | |0 0 |1 0 |2 ddc |4 0 |6 306_095970000000000_TH312 |7 0 |9 19721 |a 000001 |b 000001 |d 2020-06-10 |o 306.09597 Th312 |p MD.17357 |r 2020-06-10 |v 305000.00 |w 2020-06-10 |y BK | ||
| 980 | |a Thư viện Trường Đại học Nam Cần Thơ | ||


